Contadora : (Registro nro. 6947)
[ vista simple ]
| 000 -LEADER | |
|---|---|
| fixed length control field | 01171cam a2200277 a 4500 |
| 003 - CONTROL NUMBER IDENTIFIER | |
| control field | OSt |
| 005 - DATE AND TIME OF LATEST TRANSACTION | |
| control field | 20201021124652.0 |
| 008 - FIXED-LENGTH DATA ELEMENTS--GENERAL INFORMATION | |
| fixed length control field | 090518s1985 ck r 000 0 spa d |
| 020 ## - INTERNATIONAL STANDARD BOOK NUMBER | |
| International Standard Book Number | 8482806459 |
| 040 ## - CATALOGING SOURCE | |
| Modifying agency | CO-BoPUJ |
| Transcribing agency | CO-JMCR |
| 041 0# - LANGUAGE CODE | |
| Language code of text/sound track or separate title | spa |
| 082 04 - DEWEY DECIMAL CLASSIFICATION NUMBER | |
| Classification number | 327.172 / |
| Item number | D542c |
| Edition number | 23 |
| 100 1# - MAIN ENTRY--PERSONAL NAME | |
| Personal name | Díaz-Callejas, Apolinar |
| Relator term | autor |
| 9 (RLIN) | 11778 |
| 245 10 - TITLE STATEMENT | |
| Title | Contadora : |
| Remainder of title | desafío al imperio / |
| Statement of responsibility, etc. | Apolinar Díaz-Callejas |
| 250 ## - EDITION STATEMENT | |
| Edition statement | Primera edición |
| 260 ## - PUBLICATION, DISTRIBUTION, ETC. | |
| Place of publication, distribution, etc. | Bogotá : |
| Name of publisher, distributor, etc. | Editorial Oveja Negra ; |
| Date of publication, distribution, etc. | 1985. |
| 300 ## - PHYSICAL DESCRIPTION | |
| Extent | 301 páginas ; |
| Dimensions | 20 cm. |
| 490 0# - SERIES STATEMENT | |
| Series statement | Colección Alfredo Vázquez Carrizosa. |
| 500 ## - GENERAL NOTE | |
| General note | Datos biográficos del autor |
| 505 0# - FORMATTED CONTENTS NOTE | |
| Formatted contents note | La política exterior del gobierno Reagan -- La OTAN descifra la Doctrina Monroe. -- Primera sección -- Sección -- Contaduría irrompible en el terreno prohibido -- Contadora en marcha -- La política exterior norteamericana y centroamericana. |
| 610 24 - SUBJECT ADDED ENTRY--CORPORATE NAME | |
| Corporate name or jurisdiction name as entry element | Grupo de Contadora |
| 9 (RLIN) | 11779 |
| 650 14 - SUBJECT ADDED ENTRY--TOPICAL TERM | |
| Topical term or geographic name entry element | Procesos de paz |
| Geographic subdivision | América Central |
| Chronological subdivision | 1980- |
| 9 (RLIN) | 11780 |
| 650 14 - SUBJECT ADDED ENTRY--TOPICAL TERM | |
| Topical term or geographic name entry element | Relaciones exteriores |
| Geographic subdivision | América Latina |
| Chronological subdivision | 1980- |
| 9 (RLIN) | 11781 |
| 650 14 - SUBJECT ADDED ENTRY--TOPICAL TERM | |
| Topical term or geographic name entry element | Relaciones exteriores |
| Geographic subdivision | Estados Unidos |
| Chronological subdivision | 1981-1989 |
| 9 (RLIN) | 11782 |
| 942 ## - ADDED ENTRY ELEMENTS (KOHA) | |
| Source of classification or shelving scheme | Dewey Decimal Classification |
| Koha item type | Books |
| Withdrawn status | Lost status | Source of classification or shelving scheme | Damaged status | Not for loan | Home library | Current library | Shelving location | Date acquired | Source of acquisition | Total Checkouts | Full call number | Barcode | Date last seen | Copy number | Price effective from | Koha item type |
|---|---|---|---|---|---|---|---|---|---|---|---|---|---|---|---|---|
| Dewey Decimal Classification | Biblioteca Pública José María del Castillo y Rada | Biblioteca Pública José María del Castillo y Rada | General Stacks | 10/02/2020 | Donación | 327.172 / D542c | 201810015 | 05/16/2024 | Ej.1 | 10/02/2020 | Books |